Größte Handelspartnern - Vietnam - Statistiken

Allgemein
  • Dieses Quiz wurde 66 mal gespielt
  • Das Durchschnittsergebnis liegt bei 19 aus 25
Antwortstatistiken
Exp. Imp. Land % Korrekt
44,70 Md 70,45 Md China
100%
9,78 Md 2,99 Md Deutschland
100%
16,24 Md 12,99 Md Japan
98%
1,37 Md Russland
98%
43,77 Md 10,15 Md Vereinigte Staaten
98%
4,99 Md 1,65 Md Frankreich
96%
3,11 Md 5,96 Md Indien
96%
3,23 Md 3,05 Md Indonesien
96%
3,29 Md 1,16 Md Italien
95%
3,33 Md 2,80 Md Australien
93%
12,50 Md 32,65 Md Südkorea
93%
4,45 Md 9,34 Md Thailand
93%
3,74 Md Kanada
89%
5,08 Md Vereinigtes Königreich
89%
3,01 Md 11,35 Md Singapur
84%
2,75 Md 9,55 Md Taiwan
82%
4,54 Md 5,73 Md Malaysia
81%
4,01 Md 1,04 Md Mexiko
77%
1,40 Md Brasilien
75%
4,36 Md Niederlande
61%
2,55 Md Argentinien
56%
2,90 Md Österreich
35%
1,20 Md Israel
26%
1,12 Md Ecuador
9%
3,20 Md Slowakei
5%
Keine übereinstimmenden Quizze gefunden
Verteilung der Resultate
Anzahl Personen mit jedem Resultat
Perzentil nach korrekt beantworteten Fragen
Ihre Resultats-Entwicklung
Sie haben dieses Quiz noch nicht gespielt